Externé zdroje financovania malých a stredných podnikov a možnosti získania úverov pre malé a stredné podniky bakalárska práca

Enregistré dans:
Détails bibliographiques
Auteur principal: Uličná, Natália
Collectivité auteur: Fakulta podnikového manažmentu EU. Katedra podnikových financií
Autres auteurs: Černá, Simona
Format: Livre
Langue:slovaque
Publié: Bratislava 2014
Tags: Ajouter un tag
Pas de tags, Soyez le premier à ajouter un tag!

MARC

LEADER 00000nbm a2200000 4500
001 0189653
005 20170201092835.5
041 0 |a slo 
044 |a SK 
245 1 0 |a Externé zdroje financovania malých a stredných podnikov a možnosti získania úverov pre malé a stredné podniky  |b bakalárska práca  |c Natália Uličná ; školiteľ: Simona Černá 
264 1 |a Bratislava  |c 2014 
300 |a 50 s. 
100 1 |a Uličná, Natália 
700 1 |a Černá, Simona 
710 2 |a Fakulta podnikového manažmentu EU. Katedra podnikových financií